00644nam a2200217Ia 4500003000400000005001700004008004100021020001800062040000700080041000800087082001500095100002700110245002200137260003800159300001500197365001300212906002400225942001200249999001900261952014600280OSt20230408113531.0210423s2008 xx 000 0 und d a9788181282965 cAL aeng a515.9 HOWJ aHOWIE (John M).984974 aComplex analysis. aNew DelhibSpringer Pvt Ltdc2008 axi,260bPB b595cINR aanalysis. ; Complex 2ddccBK c158294d158294 001040708MATaSACPGbSACPGd2010-07-22eCurrent booksg595.00l1m1o515.9 HOWJpPG004771r2022-08-24 00:00:00s2022-04-04w2021-04-26yBK